[Event "AUT-chT2W 1516"]
[Site "Austria"]
[Date "2016.03.05"]
[Round "10.6"]
[White "Kliegl, Severin"]
[Black "Ferk, Martin"]
[Result "0-1"]
[WhiteElo "1906"]
[BlackElo "1935"]
[PlyCount "46"]
[EventDate "2015.10.16"]
[EventType "team-tourn"]
[EventRounds "11"]
[EventCountry "AUT"]
[SourceTitle "EXT 2017"]
[Source "ChessBase"]
[SourceDate "2016.10.25"]
[SourceVersion "1"]
[SourceVersionDate "2016.10.25"]
[SourceQuality "1"]
[WhiteTeam "Bernhard II"]
[BlackTeam "Goetzis II"]
[WhiteTeamCountry "AUT"]
[BlackTeamCountry "AUT"]

1. e4 e6 2. b3 d5 3. Bb2 c5 4. exd5 exd5 5. d4 cxd4 6. Nf3 Nc6 7. Nxd4 Nf6 8. Bb5 Bd7 9. 0-0 Be7 10. Nd2 0-0 11. N2f3 Bc5 12. Bxc6 bxc6 13. Qd3 Re8 14. Rfe1 Qc7 15. Nf5 Bxf5 16. Qxf5 Ne4 17. Re2 g6 18. Qh3 Qf4 19. Rf1 Re6 20. Nd4 Ng5 21. Qd3 Bxd4 22. Bc1 Qg4 23. Rxe6 Nxe6 0-1

[Event "AUT-ch U18"]
[Site "Marz"]
[Date "2013.03.28"]
[Round "7"]
[White "Penz, Florian"]
[Black "Kliegl, Severin"]
[Result "1/2-1/2"]
[WhiteElo "1757"]
[BlackElo "1901"]
[PlyCount "60"]
[EventDate "2013.03.24"]
[EventType "swiss"]
[EventRounds "7"]
[EventCountry "AUT"]
[SourceTitle "CBM 153 Extra"]
[Source "ChessBase"]
[SourceDate "2013.04.22"]
[SourceVersion "1"]
[SourceVersionDate "2013.04.22"]
[SourceQuality "1"]

1. d4 d6 2. c4 e5 3. e3 exd4 4. exd4 g6 5. Nf3 Bg7 6. Bg5 Nf6 7. Qe2+ Qe7 8. Nc3 Qxe2+ 9. Bxe2 Be6 10. 0-0-0 0-0 11. Rhe1 Nbd7 12. h3 d5 13. Ne5 c6 14. Nxd7 Nxd7 15. cxd5 cxd5 16. Be3 Rac8 17. Kb1 a6 18. Rc1 Rc6 19. b3 Rfc8 20. Kb2 Bf8 21. Na4 b5 22. Rxc6 Rxc6 23. Nc3 Bd6 24. Rc1 f5 25. Bf3 Nb6 26. Ne2 Rxc1 27. Nxc1 f4 28. Bd2 Nd7 29. Nd3 g5 30. Bb4 Bc7 1/2-1/2

[Event "Neumarkt am Wallersee op 09th"]
[Site "Neumarkt am Wallersee"]
[Date "2010.08.29"]
[Round "9"]
[White "Wiesner, Hans Dieter"]
[Black "Kliegl, Severin"]
[Result "1/2-1/2"]
[WhiteElo "2059"]
[BlackElo "1852"]
[PlyCount "30"]
[EventDate "2010.08.21"]
[EventType "swiss"]
[EventRounds "9"]
[EventCountry "AUT"]
[SourceTitle "CBM 138 Extra"]
[Source "ChessBase"]
[SourceDate "2010.10.29"]
[SourceVersion "1"]
[SourceVersionDate "2010.10.29"]
[SourceQuality "1"]

1. c4 g6 2. g3 Bg7 3. Bg2 c5 4. Nc3 Nf6 5. e4 d6 6. Nge2 Nc6 7. d3 0-0 8. 0-0 Ne8 9. Rb1 Rb8 10. a3 a5 11. Nf4 e6 12. Nb5 Nc7 13. a4 Nxb5 14. axb5 Nb4 15. b3 b6 1/2-1/2

[Event "AUT-ch U16"]
[Site "Velden"]
[Date "2010.03.30"]
[Round "5.4"]
[White "Kliegl, Severin"]
[Black "Halvax, Alexander"]
[Result "0-1"]
[WhiteElo "1838"]
[BlackElo "1779"]
[PlyCount "76"]
[EventDate "2010.03.28"]
[EventType "swiss"]
[EventRounds "7"]
[EventCountry "AUT"]
[SourceTitle "EXT 2024"]
[Source "ChessBase"]
[SourceDate "2023.10.10"]
[SourceVersion "1"]
[SourceVersionDate "2023.10.10"]
[SourceQuality "1"]

1. e4 c5 2. Nc3 Nc6 3. Bb5 a6 4. Bxc6 bxc6 5. d3 d5 6. f4 g6 7. Nf3 Bg7 8. 0-0 Bg4 9. Qe1 Bxf3 10. Rxf3 Qa5 11. Bd2 Bd4+ 12. Kh1 Qd8 13. Na4 c4 14. Ba5 Qb8 15. dxc4 dxc4 16. Rd1 Qb5 17. Rxd4 Qxa4 18. Qc3 Nf6 19. Qxc4 Qb5 20. Qxb5 axb5 21. b4 c5 22. Rd2 Nxe4 23. Re2 f5 24. a3 c4 25. h3 0-0 26. g4 e6 27. gxf5 exf5 28. Kg2 Rf7 29. a4 bxa4 30. Ra3 Rd7 31. Rxa4 Nc3 32. Re1 Nxa4 33. Ra1 Rd2+ 34. Kf3 Nc3 35. Rc1 Na2 36. Rb1 Rxc2 37. Bb6 Rc3+ 38. Kg2 Rb3 0-1

[Event "AUT-ch U16"]
[Site "Velden"]
[Date "2010.03.28"]
[Round "1.4"]
[White "Rieger, Robert"]
[Black "Kliegl, Severin"]
[Result "0-1"]
[WhiteElo "2066"]
[BlackElo "1838"]
[PlyCount "51"]
[EventDate "2010.03.28"]
[EventType "swiss"]
[EventRounds "7"]
[EventCountry "AUT"]
[SourceTitle "EXT 2024"]
[Source "ChessBase"]
[SourceDate "2023.10.10"]
[SourceVersion "1"]
[SourceVersionDate "2023.10.10"]
[SourceQuality "1"]

1. e4 e6 2. d4 d5 3. Nc3 c5 4. exd5 exd5 5. dxc5 d4 6. Nb5 Bxc5 7. Bf4 Qa5+ 8. c3 dxc3 9. Nc7+ Ke7 10. b4 Bxb4 11. Qc2 Bf5 12. Bd3 Bxd3 13. Qxd3 Nh6 14. Nxa8 Rd8 15. Qe2+ Kf8 16. Bc7 c2+ 17. Kf1 Qxa2 18. Rc1 Re8 19. Be5 f6 20. f4 fxe5 21. Nc7 Rd8 22. Nf3 Rd1+ 23. Kf2 Bc5+ 24. Kg3 Nf5+ 25. Kh3 Rxh1 26. Qxc2 0-1